00664nam a22001817a 4500952015500000999001700155003000900172005001700181008004100198040001300239082001600252100003000268245006100298260005100359300002100410504003900431942001200470 00102ddc40708NFICaASLbASLcGENd2021-03-01eDonated by Prof. Husniara Huql0o347.73 JASp106893r2021-03-01 00:00:00tC-1w2021-03-01yBKzRARE c22611d22611BDDh-ASL20231015030140.0210301s1955 enk||||| |||| 00| 0 eng d cBDDh-ASL a347.73bJAS1 93279aJackson, Robert H. 14aThe Supreme Court in the American System of government / aCambridge: bHarvard University Press, c1955. a92 p.: c21 cm.  aInclude Bibliographical References 2ddccBK